LEADER 03492 am 2200913 n 450 001 9910629398603321 005 20221101 010 $a979-1-280-13689-3 024 7 $a10.4000/books.aaccademia.11418 035 $a(CKB)5590000001000971 035 $a(FrMaCLE)OB-aaccademia-11418 035 $a(oapen)https://directory.doabooks.org/handle/20.500.12854/95006 035 $a(EXLCZ)995590000001000971 100 $a20221118j|||||||| ||| 0 101 0 $aita 135 $auu||||||m|||| 181 $ctxt$2rdacontent 182 $cc$2rdamedia 183 $acr$2rdacarrier 200 13$aIl 1956 $eUn bilancio storico e storiografico /$fFrancesca Chiarotto, Alexander Höbel 210 $aTorino $cAccademia University Press$d2022 215 $a1 online resource (320 p.) 225 1 $aBHM. La Biblioteca di «Historia Magistra» 311 $a979-1-280-13687-9 330 $aIn quale misura gli eventi del 1956 hanno costituito una cesura nella storia del XX secolo? Il volume si propone di riflettere ? anche criticamente ? sull?idea del 1956 come ?anno spartiacque?, tenendo assieme ricostruzione storica e dibattito storiografico, e ponendo al centro il nesso tra le vicende nazionali e gli avvenimenti di portata internazionale che in quell?anno si sono susseguiti, dalle crisi interne al blocco sovietico allo scacco subìto in Egitto dal colonialismo anglo-francese. Dal XX Congresso del Pcus ai ?fatti d?Ungheria?, dal ?56 polacco alla crisi di Suez, sono ripercorse ? con particolare attenzione alle culture politiche ? le conseguenze italiane ed europee di eventi e processi di portata globale. 606 $aLiterature (General) 606 $a1956 606 $ablocco sovietico 606 $acolonialismo anglo-francese 606 $aEuropa 606 $acrisi di Suez 606 $abloc soviétique 606 $acolonialisme anglo-français 606 $aEurope 606 $acrise de Suez 606 $aSoviet bloc 606 $aAnglo-French colonialism 606 $aSuez crisis 610 $a1956 610 $aSoviet bloc 610 $aAnglo-French colonialism 610 $aEurope 610 $aSuez crisis 615 4$aLiterature (General) 615 4$a1956 615 4$ablocco sovietico 615 4$acolonialismo anglo-francese 615 4$aEuropa 615 4$acrisi di Suez 615 4$abloc soviétique 615 4$acolonialisme anglo-français 615 4$aEurope 615 4$acrise de Suez 615 4$aSoviet bloc 615 4$aAnglo-French colonialism 615 4$aSuez crisis 700 $aAdamo$b Pietro$0171482 701 $aAgosti$b Aldo$0133303 701 $aBravo$b Gian Mario$0125089 701 $aCampanini$b Massimo$0275801 701 $aChiarotto$b Francesca$0329754 701 $aCongiu$b Massimo$0497347 701 $aDi Maggio$b Marco$01288705 701 $ad?Orsi$b Angelo$065485 701 $aFerretti$b Maria$0347356 701 $aHöbel$b Alexander$0596520 701 $aLoreto$b Fabrizio$0719778 701 $aMariuzzo$b Andrea$0323926 701 $aNencioni$b Tommaso$0619663 701 $aNovelli$b Cecilia$01348568 701 $aPanizza$b Cesare$0747309 701 $aStasi$b Daniele$0474422 701 $aChiarotto$b Francesca$0329754 701 $aHöbel$b Alexander$0596520 801 0$bFR-FrMaCLE 906 $aBOOK 912 $a9910629398603321 996 $aIl 1956$93086101 997 $aUNINA LEADER 02374nam 2200685Ia 450 001 9910782331203321 005 20230617002614.0 010 $a1-282-16018-4 010 $a9786612160189 010 $a90-272-9505-0 035 $a(CKB)1000000000551259 035 $a(OCoLC)427510440 035 $a(CaPaEBR)ebrary10254981 035 $a(SSID)ssj0000465881 035 $a(PQKBManifestationID)11302541 035 $a(PQKBTitleCode)TC0000465881 035 $a(PQKBWorkID)10440163 035 $a(PQKB)10880944 035 $a(MiAaPQ)EBC622284 035 $a(Au-PeEL)EBL622284 035 $a(CaPaEBR)ebr10254981 035 $a(CaONFJC)MIL216018 035 $a(EXLCZ)991000000000551259 100 $a20040802d2004 uy 0 101 0 $aeng 135 $aurcn||||||||| 181 $ctxt 182 $cc 183 $acr 200 10$aBuilding coherence and cohesion$b[electronic resource] $etask-oriented dialogue in English and Spanish /$fMari?a Teresa Taboada 210 $aAmsterdam ;$aPhiladelphia $cJohn Benjamins Pub. Co.$dc2004 215 $a1 online resource (282 p.) 225 1 $aPragmatics & beyond,$x0922-842X ;$v129 300 $aBibliographic Level Mode of Issuance: Monograph 311 $a90-272-5372-2 320 $aIncludes bibliographical references (p. [223]-244) and indexes. 410 0$aPragmatics & beyond ;$vnew ser. 129. 606 $aEnglish language$xDiscourse analysis 606 $aEnglish language$xGrammar, Comparative$xSpanish 606 $aSpanish language$xGrammar, Comparative$xEnglish 606 $aSpanish language$xDiscourse analysis 606 $aEnglish language$xSpoken English 606 $aSpanish language$xSpoken Spanish 606 $aConversation 615 0$aEnglish language$xDiscourse analysis. 615 0$aEnglish language$xGrammar, Comparative$xSpanish. 615 0$aSpanish language$xGrammar, Comparative$xEnglish. 615 0$aSpanish language$xDiscourse analysis. 615 0$aEnglish language$xSpoken English. 615 0$aSpanish language$xSpoken Spanish. 615 0$aConversation. 676 $a420.1/41 700 $aTaboada$b Mari?a Teresa$01548625 801 0$bMiAaPQ 801 1$bMiAaPQ 801 2$bMiAaPQ 906 $aBOOK 912 $a9910782331203321 996 $aBuilding coherence and cohesion$93805793 997 $aUNINA